| 000 | 00602nam a2200205Ia 4500 | ||
|---|---|---|---|
| 003 | OSt | ||
| 005 | 20260416161404.0 | ||
| 008 | 210210b1980 xxu||||| |||| 00| 0 eng d | ||
| 040 | _cAL | ||
| 041 | _aKannada | ||
| 082 | _a808K SHAS | ||
| 100 |
_aSHANTINATHA DESAYI. _dಶಾಂತಿನಾಥ ದೇಸಾಯಿ _9261939 |
||
| 245 |
_aSahitya mattu bhashe. _bಸಾಹಿತ್ಯ ಮತ್ತು ಭಾಷೆ |
||
| 260 |
_aBengaluru _bBengaluru Vishvavidyanilaya _c1980 |
||
| 300 | _avi,49 | ||
| 650 |
_aSahitya Bhashe _9261940 |
||
| 690 |
_aRhetoric _9261941 |
||
| 906 | _a036479 | ||
| 942 |
_2ddc _cBK |
||
| 999 |
_c87153 _d87153 |
||